EVANGELIZZARE. N. 5. NUOVA SERIE. MAGGIO 1984. PER ANIMATORI DI CATECHESI. COSCIENZA MORALE DELLA PASQUA DEL SIGNO (Record n. 331809)

Dettagli MARC
000 -LEADER
fixed length control field 01826nas a2200277Ia 4500
001 - CONTROL NUMBER
control field R050-S3223
003 - CONTROL NUMBER IDENTIFIER
control field IT-CnALBA
008 - FIXED-LENGTH DATA ELEMENTS--GENERAL INFORMATION
fixed length control field 170116c99999999xx |||||||||||| ||und||
040 ## - CATALOGING SOURCE
Original cataloging agency IT-CnALBA
Transcribing agency IT-CnALBA
041 ## - LANGUAGE CODE
Language code of text/sound track or separate title ITALIANO
999 ## - SYSTEM CONTROL NUMBERS (KOHA)
Koha Dewey Subclass [OBSOLETE] NO
100 ## - MAIN ENTRY--PERSONAL NAME
Personal name LAITI GIUSEPPE
210 ## - ABBREVIATED TITLE
Abbreviated title EVANGELIZZARE
222 ## - KEY TITLE
Key title EVANGELIZZARE
245 #0 - TITLE STATEMENT
Title EVANGELIZZARE. N. 5. NUOVA SERIE. MAGGIO 1984. PER ANIMATORI DI CATECHESI. COSCIENZA MORALE DELLA PASQUA DEL SIGNO
Remainder of title PER ANIMATORI DI CATECHESI
250 ## - EDITION STATEMENT
Edition statement 1a ed.
260 ## - PUBLICATION, DISTRIBUTION, ETC. (IMPRINT)
Place of publication, distribution, etc. BOLOGNA - NAPOLI
Name of publisher, distributor, etc. DEHONIANE EDIZIONI
Date of publication, distribution, etc. 1984 [1° Ed.:1984 - Ed.Ling.Originale: 1984]
300 ## - PHYSICAL DESCRIPTION
Extent 64 p.
310 ## - CURRENT PUBLICATION FREQUENCY
Current publication frequency MENSILE
362 ## - DATES OF PUBLICATION AND/OR SEQUENTIAL DESIGNATION
Dates of publication and/or sequential designation Fascicolo: 5 / Anno: 8 (1984)
500 ## - GENERAL NOTE
General note CATECHESI E LITURGIA. PREGHIERA. PAROLE DELLE ULTIME REALTÀ. VITA E MORTE PER FAME. INSEGNAMENTO RELIGIONE. RICHIESA SEGNO DA UNA GENERAZIONE SENZA FEDE. NUOVA VISIONE DELL'UOMO. SEGRETO DEKLLA COSCIENZA. PASQUA E COSCIENZA CRISTIANA. MONDO IN CAMMINO VERSO IL PADRE. MORALE NUOVI CATECHISMI. FATICA DELLA VERIFICA. BRODOLONI P.G. CONVEGNO E MOLTI INTERROGATIVI. INTERVISTA A MAGRASSI M. DI U. STEFANI SU CATECHESI E LITURGIA. SCHEDA SULLA PREGHIERA.
501 ## - WITH NOTE
With note Società San Paolo EM - Piazza San Paolo, 14 - 12051 ALBA (CN) (non commercial uses only) ® Copyright 2017
520 ## - SUMMARY, ETC.
Summary, etc. CATECHESI E LITURGIA. PREGHIERA. PAROLE DELLE ULTIME REALTÀ. VITA E MORTE PER FAME. INSEGNAMENTO RELIGIONE. RICHIESA SEGNO DA UNA GENERAZIONE SENZA FEDE. NUOVA VISIONE DELL'UOMO. SEGRETO DEKLLA COSCIENZA. PASQUA E COSCIENZA CRISTIANA. MONDO IN CAMMINO VERSO IL PADRE. MORALE NUOVI CATECHISMI. FATICA DELLA VERIFICA. BRODOLONI P.G. CONVEGNO E MOLTI INTERROGATIVI. INTERVISTA A MAGRASSI M. DI U. STEFANI SU CATECHESI E LITURGIA. SCHEDA SULLA PREGHIERA.
650 ## - SUBJECT ADDED ENTRY--TOPICAL TERM
Topical term or geographic name as entry element MISCELLANEA DI RELIGIONE
942 ## - ADDED ENTRY ELEMENTS (KOHA)
Koha item type RIVISTA
957 ## -
-- 1
999 ## - SYSTEM CONTROL NUMBERS (KOHA)
-- 1
Dati di copia
Withdrawn status Lost status Damaged status Not for loan Home library Current library Date acquired Total Checkouts Full call number Date last seen Price effective from Koha item type Public note
    Buone Condizioni Not For Loan ALBA - Biblioteca ALBA - Biblioteca 16/01/2017   R050-S3223 16/01/2017 16/01/2017 RIVISTA (data import: 16 gennaio 2017) - By Epidotti, Vaglietti.
CREDITS: SOCIETA' SAN PAOLO Via A.Severo, 58 - ROMA (RM) & PERIODICI SAN PAOLO SRL Via Giotto, 36 MILANO & CISF Via Giotto, 36 MILANO & EDIZIONI SAN PAOLO SRL,  Piazza Soncino, 5 CINISELLO BALSAMO (MI) -- ITALY